000 01043cam a2200325 a 4500
001 13946431
003 OSt
005 20140310182726.0
008 050429s2006 at a b 001 0 eng
010 _a 2005926690
020 _a9789812657862
040 _aDLC
_cDLC
050 0 0 _aBF201
_b.St839 2006
082 0 0 _aPSYCH 153.21
_b.St4 2006
100 1 _aSternberg, Robert J.
245 1 0 _aCognitive psychology /
_c Sternberg, Robert J.
250 _a4th ed.
260 _aAustralia ;
_aBelmont, CA :
_bThomson/Wadsworth,
_cc2006.
300 _axxviii, 595 p. :
_bill. ;
_c24 cm.
504 _aIncludes bibliographical references (p. 538-578) and indexes.
521 _aCollege Students
526 _c1210L to 1700L
541 _j1
562 _eFor circulation. 1 copy available in the collection.
650 0 _aCognitive psychology
_vTextbooks.
700 1 _aMio, Jeffery Scott,
_d1954-
906 _a7
_bcbc
_corignew
_d2
_eepcn
_f20
_gy-gencatlg
942 _2lcc
_cBK
_kPSYCH
999 _c15404
_d15404